000 00621nam a2200229Ia 4500
003 OSt
005 20221006164907.0
006 a|||||r|||| 00| 0
007 ta
008 221006b |||||||| |||| 00| 0 eng d
024 _a7,049
037 _cTextual
040 _aFML
_cFML
_beng
041 _2eng
_aeng
082 _aO15:gx1,1, 111L5 -; 1
100 _aBharat Au.
_9678618
245 0 _aNatya Manjari
260 _aPune
_bBhandarkar Oriental Research Institute India
_c1975
300 _a277
_ccm.
942 _hO15:gx1,1, 111L5 -; 1
_cTEXL
_2CC
999 _c1118852
_d1118852